01586nam a2200373Ia 4500001001200000003000800012006001900020007001500039008004100054010001700095020003900112020003100151040002100182035002100203050002400224082002000248100002600268245014000294246002000434246007000454260005900524300002500583504005100608533015200659650004400811650005800855650004600913650003100959651003300990655002901023710001701052856012601069999001701195ebr10735445CaPaEBRm o u cr cn|||||||||130329s2013 nmua sb 001 0 eng d z 2013008670 z9780826353504 (cloth : alk. paper) z9780826353511 (electronic) aCaPaEBRcCaPaEBR a(OCoLC)85458555214aF3021.J5 N68 2013eb04a982/.0049242231 aNouwen, Mollie Lewis.10aOy, my Buenos Airesh[electronic resource] :bJewish immigrants and the creation of Argentine national identity /cMollie Lewis Nouwen.30aMy Buenos Aires30aJewish immigrants and the creation of Argentine national identity aAlbuquerque :bUniversity of New Mexico Press,cc2013. axiii, 157 p. :bill. aIncludes bibliographical references and index. aElectronic reproduction.bPalo Alto, Calif. :cebrary,d2013.nAvailable via World Wide Web.nAccess may be limited to ebrary affiliated libraries. 0aJewszArgentinaxHistoryy20th century. 0aJewszArgentinazBuenos AiresxHistoryy20th century. 0aJewszArgentinaxSocial life and customs. 0aJewszArgentinaxIdentity. 0aArgentinaxEthnic relations. 7aElectronic books.2local2 aebrary, Inc.40uhttp://site.ebrary.com/lib/rucke/Doc?id=10735445zAn electronic book accessible through the World Wide Web; click to view c36969d36969